书目信息 |
| 题名: |
朱光潜美学文学论文选集
|
|
| 作者: | 朱光潜 著 | |
| 分册: | ||
| 出版信息: | 长沙 湖南人民出版社 1980 |
|
| 页数: | 476页 | |
| 开本: | 19cm | |
| 丛书名: | ||
| 单 册: | ||
| 中图分类: | I01-53 , B83 | |
| 科图分类: | ||
| 主题词: | 文艺美学 , 文艺美学--文集 , 美学 | |
| 电子资源: | ||
| ISBN: | ||
| 000 | 00698nam0 2200265 450 | |
| 001 | 1259522219 | |
| 005 | 20120927163603.82 | |
| 010 | @dCNY1.58 | |
| 091 | @a10109.1330 | |
| 100 | @a19980305d1980 em y0chiy0110 ea | |
| 101 | 0 | @achi |
| 102 | @aCN@b430000 | |
| 105 | @ay z 000yy | |
| 106 | @ar | |
| 200 | 1 | @a朱光潜美学文学论文选集@Azhu guang qian mei xue wen xue lun wen xuan ji@f朱光潜著 |
| 210 | @a长沙@c湖南人民出版社@d1980 | |
| 215 | @a476页@d19cm | |
| 606 | 0 | @a文艺美学 |
| 606 | 0 | @a文艺美学@x文集 |
| 606 | 0 | @a美学 |
| 690 | @aI01-53@v3 | |
| 690 | @aB83@v4 | |
| 701 | 0 | @a朱光潜@f(1897~1986)@Azhu guang qian@4著 |
| 801 | 0 | @aCN@bNL |
| 905 | @a10447@dB83@eJY15 | |
| 朱光潜美学文学论文选集/朱光潜著 .-长沙:湖南人民出版社,1980 |
| 476页;19cm |
| ISBN :CNY1.58 |
| ● |
| 相关链接 |
|
|
|
|
正题名:朱光潜美学文学论文选集
索取号:B83/JY15
 
预约/预借
| 序号 | 登录号 | 条形码 | 馆藏地/架位号 | 状态 | 备注 |
| 1 | 7829982 | 278299823 | 学院路分馆/ [索取号:B83/JY15] | 在馆 |